02835 a2200265 45000010006000000050017000060080041000230030015000640400040000790800109001192450023002280200018002512640032002693000019003015051916003201000026022367000029022627000032022917000031023237000025023547000033023797000028024127000030024408560099024704719620260407155740.0260407a1995 arg spa dAR-UNSa-BCEJYS aAR-UNSa-BCEJYSbspacAR-UNSa-BCEJYS a339.9xEconomía internacional en general. Relaciones económicas internacionales. Economía mundial 10aEconomía Mundial a84-481-1684-4 1aMadrid :bMcGraw-Hillc1995 a480 p.c25 cm. aPrimera Parte : METODOLOGIA Y CONCEPTOS : 1. La sociedad y las ciencias sociales : método y especialización - 2. El método económico-estructural - 3. Las estructuras eocioeconómicas -- Segunda Parte : EL DESARROLLO CAPITALISTA : 4. La estructura económica capitalista - 5. La dinámica estructural capitalista (I) : Leyes - 6. La dinámica estructural capitalista (II) : Los efectos - 7. La formación del sistema capitalista mundial -- Tercera Parte : LA INFRAESTRUCTURA DEL SISTEMA MUNDIAL : LOS RECURSOS MUNDIALES : 8. El análisis empírico del Sistema Centro/Periferia - 9. El proceso de reproducción de la población mundial - 10. La relación economía-población - 11. Los recursos naturales - 12. La base energética del Sistema - 13. Agricultura y alimentación mundiales - 14. El proceso de industrialización capitalista - 15. La industria mundial - 16. La terciarización de la economía mundial - 17. La crisis en la infraestructura sistémica -- Cuarta Parte : LA ESTRUCTURA DEL SISTEMA CAPITALISTA MUNDIAL : LAS RELACIONES CENTRO-PERIFERIA : 18. El desarrollo capitalista en el Centro del Sistema - 19. La mundialización capitalista desde el Centro del Sistema - 20. La integración económica - 21. El desarrollo capitalista en la Periferia del Sistema - 22. Capitalismo periférico y alternativas de desarrollo - 23. La estructura económica mundial (I) : El comercio Centro-Periferia - 24. La estructura económica mundial (II) : Los flujos financieros Centro/Periferia - 25. La estructura económica mundial (III) : Cooperación y ayuda al desarrollo - 26. La crisis de la economía mundial -- Quinta Parte : LA SUPERESTRUCTURA DEL SISTEMA MUNDIAL : LOS ORGANISMOS ECONOMICOS MUNDIALES : 27. La regulación del comercio internacional - 28. Las instituciones de integración económica - 29. La regulación del sistema financiero internacional. 1 aCasares Vidal, Dolors1 aMartinez Peinado, Javier1 aVidal Villa, José María1 aArtés, Ramón Franquesa1 aMaestro Yarza, Irene1 aSánchez Tabarés, Ramón1 aTalavera Déniz, Pedro1 aVilaseca i Requena, Jordi41uhttps://www.biblioeco.unsa.edu.ar/pmb/images/libros/L127427.jpgyImagen de portadaqimage/jpeg